Comprendre l'Univers

Bibliographic Details
Other Authors: Fortin, Jacques (Editor)
Format: Book
Language:French
PhysicalDescription:125 s. 28 cm
Published: Montréal Québec Amérique 2001
ISBN:2764400160
Series:Les guides de la connaissance
Subjects:

MARC

LEADER 00000cam a2200000 a 4500
001 vtls001431611
003 SK-MaSNL
005 20260301120936.0
008 251113s2001 xxcac r 00000 fre
020 |a 2764400160 
035 |a SNK000386654 
035 |a urn:nbn:sk:snk-amyav8 
035 |a urn:nbn:sk:snk-am00c8cb 
035 |a AC4C129E-BFC9-4D78-8C4D-DD655A7D46C9 
040 |a SNK  |b slo  |c SNK  |e AACR2 
041 0 |a fre 
044 |a xxc  |c CA 
080 |a 52(084.12)  |2 1981 
245 0 0 |a Comprendre l'Univers  |c [éditeur Jacques Fortin] 
260 |a Montréal  |b Québec Amérique  |c 2001  |e [Martin  |f Neografia] 
300 |a 125 s.  |c 28 cm 
490 1 |a Les guides de la connaissance 
500 |a Údaj o zodp. prevzatý z tir. 
650 0 7 |a astronómia  |2 SNKPH  |9 730 
655 7 |a monografie  |2 SNKPH  |9 70139 
700 1 |a Fortin, Jacques  |4 edt  |9 402997 
830 0 |a Les guides de la connaissance  |9 392516 
919 |a 2-7644-0016-0 
999 |c 727625  |d 729555 
952 |t P60, <03>, [BOOK], {603}  |a SNK  |b SNK  |y PREZ  |7 0  |p 17A0338698  |o snkSB 64833  |i snkKSP 3858/2002  |0 0  |1 0  |4 0  |d 2002-04-09  |f 1  |l 0  |r 2025-04-14 00:00:00  |w 2026-02-23